| 000 | 00506cam a2200169 a 4500 | ||
|---|---|---|---|
| 001 | 000003112 | ||
| 005 | 20200929150331.0 | ||
| 008 | 980804s1976 cr 001 0 spa | ||
| 040 |
_aDO-SdBNP _bspa _cBNPHU |
||
| 082 |
_aS863.44 _bG283c |
||
| 100 | 1 |
_aGavidia, Francisco, _d1863-1955 _99795 |
|
| 245 | 1 | 0 |
_aCuentos y narraciones / _cFrancisco Gavidia. |
| 260 |
_aSan José, Costa Rica : _bEduca, _c1976. |
||
| 300 | _a159 p. | ||
| 650 | 4 |
_aCuentos salvadoreños _92928 |
|
| 650 | 4 |
_aLiteratura salvadoreña _92929 |
|
| 999 |
_c2943 _d2943 |
||